[Event "Oceania zt 3.6 (Women)"]
[Site "Melbourne"]
[Date "2023.01.26"]
[Round "5"]
[White "Vincent, Alaina"]
[Black "O'Carroll, Om"]
[Result "0-1"]
[WhiteElo "1897"]
[BlackElo "1525"]
[PlyCount "144"]
[EventDate "2023.01.09"]
[EventType "swiss"]
[EventRounds "9"]
[EventCountry "AUS"]
[SourceTitle "CBM 212 Extra"]
[Source "ChessBase"]
[SourceDate "2023.03.31"]
[SourceVersion "1"]
[SourceVersionDate "2023.03.31"]
[SourceQuality "1"]

1. d4 d5 2. c4 c6 3. e3 Nf6 4. Nf3 Bf5 5. Bd3 Bxd3 6. Qxd3 e6 7. 0-0 Be7 8. Nbd2 0-0 9. a3 Nbd7 10. c5 Qc7 11. b4 b6 12. Bb2 bxc5 13. dxc5 a5 14. Nb3 axb4 15. axb4 Rfb8 16. Qd4 Bf8 17. h3 Ne4 18. Nbd2 Nxd2 19. Qxd2 Be7 20. Rfb1 Qb7 21. Bc3 Bf6 22. Bxf6 Nxf6 23. Ne5 Ne4 24. Qc2 f6 25. Nd3 Qb5 26. f3 Ng5 27. h4 Nf7 28. Nf4 Rxa1 29. Rxa1 Qxb4 30. Nxe6 Qxh4 31. Nd4 Ne5 32. Qf5 Re8 33. Nxc6 g6 34. Qb1 Nxc6 35. Qb5 Re6 36. Qb7 Ne7 37. c6 Rxe3 38. c7 Re1+ 39. Rxe1 Qxe1+ 40. Kh2 Qh4+ 41. Kg1 Qe1+ 42. Kh2 Qc3 43. Qb8+ Kg7 44. Qd8 Kf7 45. Kg1 d4 46. Qd7 d3 47. c8Q Qxc8 48. Qxd3 Qe6 49. Qc2 Nd5 50. Qa2 Ne3 51. Qa7+ Qe7 52. Qa2+ Kg7 53. Kh1 g5 54. Kh2 h5 55. Kh1 Nf5 56. Qc2 Qe1+ 57. Kh2 Qg3+ 58. Kh1 Ne3 59. Qd2 Qxg2+ 60. Qxg2 Nxg2 61. Kxg2 Kg6 62. Kg3 Kf5 63. Kg2 Kf4 64. Kf2 g4 65. fxg4 hxg4 66. Kg2 g3 67. Kg1 Kf3 68. Kf1 g2+ 69. Kg1 f5 70. Kh2 Kf2 71. Kh3 g1Q 72. Kh4 Qg4# 0-1

[Event "AUS-ch Major"]
[Site "Sydney"]
[Date "2020.01.06"]
[Round "5"]
[White "Slater Jones, Henry"]
[Black "Vincent, Alaina"]
[Result "1-0"]
[WhiteElo "1874"]
[BlackElo "1710"]
[PlyCount "121"]
[EventDate "2020.01.02"]
[EventType "swiss"]
[EventRounds "11"]
[EventCountry "AUS"]
[SourceTitle "CBM 195 Extra"]
[Source "ChessBase"]
[SourceDate "2020.05.31"]
[SourceVersion "1"]
[SourceVersionDate "2020.05.31"]
[SourceQuality "1"]

1. d4 Nf6 2. c4 e6 3. Nf3 d5 4. g3 b6 5. Bg2 Bb7 6. Ne5 Be7 7. 0-0 0-0 8. Nc3 c6 9. Qc2 Na6 10. Rd1 Rc8 11. e4 Nd7 12. exd5 cxd5 13. cxd5 exd5 14. Bh3 Rc7 15. Nxd7 Rxd7 16. Bxd7 Qxd7 17. a3 Nc7 18. Qa4 Bc6 19. Qxa7 Bd6 20. Qxb6 f5 21. f4 Rf6 22. Be3 Rh6 23. Rd2 Ne8 24. Rg2 Nf6 25. Re1 Ng4 26. Bd2 Bf8 27. Nd1 Nf6 28. Bb4 Ne4 29. Qb8 Rf6 30. Nc3 g6 31. Bxf8 Rxf8 32. Qb3 Kg7 33. Nxe4 dxe4 34. Qc3 Bd5 35. Rc1 Rf7 36. b4 Qe6 37. Re2 Re7 38. Re3 g5 39. Rf1 h6 40. Qc5 Kg6 41. a4 Re8 42. Qc7 Rc8 43. Qe5 Qf7 44. g4 Bc4 45. Rf2 Re8 46. Qxf5+ Qxf5 47. gxf5+ Kxf5 48. fxg5+ Kxg5 49. Rg3+ Kh5 50. Rf5+ Kh4 51. Re5 Rf8 52. Rxe4+ Kh5 53. Re1 Rd8 54. Rd1 Rb8 55. d5 Rxb4 56. d6 Rb8 57. d7 Rd8 58. Re3 Bf7 59. a5 Kg6 60. a6 Kg7 61. a7 1-0

[Event "IND-ch U11 Girls 30th"]
[Site "India"]
[Date "2016.06.28"]
[Round "1"]
[White "Vincent, Alaina"]
[Black "Barik, Bijayalaxmi"]
[Result "1-0"]
[WhiteElo "1409"]
[BlackElo "1098"]
[PlyCount "79"]
[EventDate "2016.06.28"]
[EventType "swiss"]
[EventRounds "11"]
[EventCountry "IND"]
[SourceTitle "CBM 173 Extra"]
[Source "ChessBase"]
[SourceDate "2016.08.29"]
[SourceVersion "1"]
[SourceVersionDate "2016.08.29"]
[SourceQuality "1"]

1. d4 Nf6 2. c4 g6 3. Nc3 d5 4. Nf3 Bg7 5. e3 0-0 6. Qc2 Bf5 7. Qb3 dxc4 8. Bxc4 Qc8 9. 0-0 Nc6 10. Qa3 Bg4 11. Nd2 Qd7 12. Nce4 Qc8 13. f4 Be6 14. Nxf6+ Bxf6 15. d5 b5 16. Bxb5 Bxd5 17. Qa4 Qb7 18. e4 Qb6+ 19. Kh1 Nd4 20. Bd3 Bc6 21. Qd1 Rfd8 22. Nc4 Qb8 23. e5 Bg7 24. Na5 Qb4 25. Nxc6 Nxc6 26. Qf3 Nd4 27. Qg3 Qc5 28. Be3 Qc6 29. f5 Rab8 30. Rac1 Qb6 31. b3 Rd5 32. fxg6 fxg6 33. Bc4 Rbd8 34. Qf2 Kh8 35. Bxd5 Rxd5 36. Qf7 Qb5 37. a4 Qd7 38. Rxc7 Qxc7 39. Qe8+ Bf8 40. Qxf8# 1-0

[Event "Mumbai Wealth op U13"]
[Site "Mumbai"]
[Date "2016.01.31"]
[Round "4"]
[White "Vincent, Alaina"]
[Black "Karra, Abhinav"]
[Result "1-0"]
[WhiteElo "1362"]
[BlackElo "1182"]
[PlyCount "55"]
[EventDate "2016.01.28"]
[EventType "swiss"]
[EventRounds "9"]
[EventCountry "IND"]
[SourceTitle "CBM 170 Extra"]
[Source "ChessBase"]
[SourceDate "2016.02.25"]
[SourceVersion "1"]
[SourceVersionDate "2016.02.25"]
[SourceQuality "1"]

1. c4 Nf6 2. Nf3 e6 3. Nc3 Bb4 4. g3 b6 5. Bg2 Bb7 6. 0-0 0-0 7. d4 d6 8. Bg5 Nbd7 9. a3 Bxc3 10. bxc3 h6 11. Bf4 Qe7 12. Re1 Rac8 13. Qc2 d5 14. Qa4 a6 15. cxd5 exd5 16. Rad1 Rfd8 17. Bh3 c6 18. Ne5 Qe8 19. c4 dxc4 20. Qxc4 Nxe5 21. dxe5 Nd7 22. Qb4 c5 23. Qc3 Qe7 24. Rd6 Rc7 25. Red1 Bc8 26. e6 Qf6 27. Qxf6 gxf6 28. exd7 1-0

[Event "Mumbai Wealth op U13"]
[Site "Mumbai"]
[Date "2016.01.30"]
[Round "3"]
[White "Shah, Sparsh"]
[Black "Vincent, Alaina"]
[Result "0-1"]
[WhiteElo "1188"]
[BlackElo "1362"]
[PlyCount "172"]
[EventDate "2016.01.28"]
[EventType "swiss"]
[EventRounds "9"]
[EventCountry "IND"]
[SourceTitle "CBM 170 Extra"]
[Source "ChessBase"]
[SourceDate "2016.02.25"]
[SourceVersion "1"]
[SourceVersionDate "2016.02.25"]
[SourceQuality "1"]

1. e4 c5 2. Nf3 e6 3. d4 cxd4 4. Nxd4 a6 5. Nc3 Qc7 6. Be3 Bb4 7. Qd2 Nf6 8. f3 0-0 9. a3 Bc5 10. Be2 Rd8 11. Nb3 Bxe3 12. Qxe3 d5 13. 0-0-0 Nc6 14. Rd2 Ne7 15. Rhd1 Bd7 16. h3 Rac8 17. Rf1 e5 18. exd5 Nexd5 19. Nxd5 Nxd5 20. Qe4 Be6 21. g4 Nf6 22. Rxd8+ Rxd8 23. Qb4 Nd5 24. Qe4 Nf4 25. Kb1 g6 26. Qe3 Kg7 27. Nc5 Bd5 28. Nd3 Nxh3 29. Rh1 Nf4 30. Nxe5 Nxe2 31. Qxe2 Re8 32. Re1 f6 33. f4 fxe5 34. fxe5 Qc4 35. Qxc4 Bxc4 36. b3 Be6 37. Re4 Bd5 38. Re3 Kf7 39. c4 Bc6 40. Kc2 Ke6 41. Kc3 Rf8 42. Kb4 Rf4 43. Rh3 Rxg4 44. Rxh7 Kxe5 45. a4 g5 46. Re7+ Kf6 47. Re3 Rg1 48. Ka5 g4 49. b4 g3 50. b5 axb5 51. axb5 Bh1 52. Kb6 Kf5 53. c5 Kf4 54. Re8 Rb1 55. Rf8+ Ke3 56. Re8+ Kf2 57. Rf8+ Kg1 58. Rg8 Rb3 59. Kc7 Be4 60. Rg4 Re3 61. c6 bxc6 62. bxc6 Bxc6 63. Kxc6 g2 64. Kd5 Kh2 65. Kd4 Rg3 66. Rh4+ Rh3 67. Rg4 g1Q+ 68. Rxg1 Kxg1 69. Ke4 Kf2 70. Kd4 Re3 71. Kd5 Kf3 72. Kd4 Kf4 73. Kd5 Re4 74. Kc5 Ke5 75. Kc6 Rd4 76. Kc5 Re4 77. Kc6 Rc4+ 78. Kd7 Rc5 79. Ke7 Rc7+ 80. Kd8 Rh7 81. Ke8 Kf6 82. Kd8 Ke6 83. Kc8 Kd6 84. Kb8 Kc6 85. Ka8 Kb6 86. Kb8 Rh8# 0-1

[Event "World School-ch U09 Girls 11th"]
[Site "Pattaya"]
[Date "2015.05.10"]
[Round "5"]
[White "Vincent, Alaina"]
[Black "Wankhade, Sanskruti"]
[Result "1/2-1/2"]
[WhiteElo "1104"]
[BlackElo "1278"]
[PlyCount "66"]
[EventDate "2015.05.07"]
[EventType "swiss"]
[EventRounds "9"]
[EventCountry "THA"]
[SourceTitle "CBM 166 Extra"]
[Source "ChessBase"]
[SourceDate "2015.06.18"]
[SourceVersion "1"]
[SourceVersionDate "2015.06.18"]
[SourceQuality "1"]

1. d4 Nf6 2. c4 g6 3. Nc3 Bg7 4. e4 d6 5. f3 0-0 6. Be3 e5 7. d5 Nbd7 8. Bd3 Qe7 9. Nge2 Nb6 10. 0-0 Bd7 11. Qd2 c5 12. Bh6 Rfe8 13. Bxg7 Kxg7 14. Rac1 Rab8 15. f4 exf4 16. Nxf4 Bc8 17. Rfe1 Nbd7 18. Nb5 a6 19. Nc7 Rd8 20. Nce6+ fxe6 21. Nxe6+ Kf7 22. Nxd8+ Qxd8 23. Rf1 Ne5 24. Bb1 Kg7 25. b3 Qe7 26. Rc2 Bd7 27. Qe3 Rf8 28. h3 h6 29. Rcf2 b5 30. Qe2 bxc4 31. bxc4 a5 32. a3 Ba4 33. Ba2 Ned7 1/2-1/2